00717 2200241 4500001002100000005001700021008004100038020001800079035002400097040001200121082000800133084001400141100001600155245014500171260003100316300002900347500001100376650001000387700002100397700002400418850001200442990002100454INLIS00000000002585620170228081725.0  a979-1305-47-1 0010-021700000000670 aYOPDYOG a340 a340 Mon S aMONTESQUIEU aThe spirit of lawsb: dasar-dasar ilmu hukum dan ilmu politikc/ Montesquieu ; penerjemah, M. Khoiril Anam ; penyunting, Nurainun Mangunsong aBandungbNusa Mediac[s.a] axxvii, 464 hlm.c; 24 cm aIndeks aHukum aKhoiril Anam, M. aNurainun Mangunsong aYOPDYOG a1669-RBM/PD.A.17